00567cam a22002057a 4500003000500000005001700005008004100022010000900063011000900072035000900081040000900090100002100099245004500120260006000165300001800225490003900243650002400282650001600306830003900322CHAP20220329133327.0971013s1992 r 00010 d a4965 a5937 a5153 cCHAP00aPadilla, Saúl.14aLos hongos del pinoc/por Saúl Padilla aQuito, Ecuador :bDesarrollo Forestal Campesino,c1992. a4 p.b: ilus. 0aDesarrollo Forestal Campesinov; 414aHongos comestibles.14aPináceas.0 aDesarrollo Forestal Campesinov; 4